UFFIZI : Artist and chief works: Lives of the artists and catalogue of the works room by room

Sparad:
Bibliografiska uppgifter
Huvudupphovsman: Pruneti, L.
Materialtyp: Bok
Språk:Undetermined
Publicerad: Editrice
Ämnen:
Taggar: Lägg till en tagg
Inga taggar, Lägg till första taggen!
Thư viện lưu trữ: Trung tâm Học liệu Trường Đại học Cần Thơ
LEADER 00539nam a2200181Ia 4500
001 CTU_111618
008 210402s9999 xx 000 0 und d
082 |a 708.5 
082 |b P972 
100 |a Pruneti, L. 
245 0 |a UFFIZI : 
245 0 |b Artist and chief works: Lives of the artists and catalogue of the works room by room 
245 0 |c L. Pruneti, M. Mannelli 
260 |b Editrice 
650 |a Galleria degli uffizi,Painting 
650 |z Italy 
904 |i M.Loan 
980 |a Trung tâm Học liệu Trường Đại học Cần Thơ